Suomalaiset 2000-luvun olympiavoittajat - Statistics

Yleistilastot
  • Tätä visaa on pelattu 55 kertaa
    53 viimeisimmän päivityksen jälkeen
  • Keskiarvotulos 9 / 13
Vastaustilastot
Vuosi Urheilija % Oikein
2014 Iivo Niskanen
98%
2018 Iivo Niskanen
98%
2022 Iivo Niskanen
98%
2014 Sami Jauhojärvi
88%
2000 Arsi Harju
80%
2008 Satu Mäkelä-Nummela
73%
2002 Samppa Lajunen
71%
2002 Hannu Manninen
61%
2002 Jari Mantila
53%
2002 Jaakko Tallus
49%
2000 Jyrki Järvi
47%
2000 Thomas Johanson
39%
2002 Janne Lahtela
37%
Ehtoja vastaavia visoja ei löytynyt
Tulosjakauma
Jokaisen tuloksen saaneiden osuus
Persentiili vastausten määrän mukaan
Tuloshistoriasi
Et ole pelannut tätä visaa sen viimeisimmän päivityksen jälkeen